Responses for show #6315 - Friday, February 17, 2012

2012-A Teachers Tournament quarterfinal game 3.

Contestants

Catherine Whitten, a high school history teacher from Plano, Texas

Nate Rice, a high school ACT prep teacher from Catlettsburg, Kentucky

Lisa Johnston, a fourth and fifth grade reading and religion teacher from East Boston, Massachusetts

Jeopardy! Round responses

BORN IN 1912
NAME THE NETWORK
QUEEN Bs
STATE FARM
BEAUTY & MAKEUP
LANGUAGE LESSONS
    $200 8
Charles Addams

Lisa
    $200 13
ESPN (or ABC)

Nate
    $200 6
Queen Elizabeth I

Lisa
    $200 18
Florida

Catherine
    $200 1
botox

Lisa
    $200 26
buenas tardes

Catherine
    $400 12
(Jackson) Pollock

Lisa
    $400 14
MTV

Catherine
    $400 7
Sheba

Nate
    $400 19
Colorado

Nate
    $400 2
sun protection factor

Lisa
    $400 27
(Catherine: What is konnichiwa?)

arigato

NateCatherine
    $600 23
Tip O'Neill

Nate
    $600 15
(Catherine: What is CBS?)

NBC

LisaCatherine
    $600 9
King Richard the Lionhearted

Lisa
    $600 20
Wisconsin

Lisa
    $600 3
airbrush

Catherine
    $600 28
coup de grāce

Lisa
    $800 24
(Sam) Snead

Nate
    $800 16
Comedy Central

Catherine
    $800 10
the Roman Empire

Nate
    $800 21
Oregon

Nate
    $800 4
Minerals

Lisa
    $800 29
vox populi

Nate
    $1,500 25
Pope John Paul I

Nate
    $1000 17
(Nate: What is TLC?)

A&E

LisaNate
    $1000 11
Beatrix

Nate
    $1000 22
Maine

Triple Stumper
    $1000 5
porcelain

Catherine
    $1000 30
zeitgeist

Catherine

Scores at the first commercial break (after clue 15):

Lisa Nate Catherine
$3,400 $2,400 $1,400

Scores at the end of the Jeopardy! Round:

Lisa Nate Catherine
$5,600 $6,700 $3,200

Double Jeopardy! Round responses

PIRATES
THAT'S NOT GNEISS!
RELIGION
I BEFORE E, AFTER C
A WELL-STOCKED LIBRARY
LAST MAJOR MOVIE ROLE
    $400 4
Lafitte

Lisa
    $400 21
marble

Catherine
    $400 1
missionary

Catherine
    $400 26
Glacier

Nate
    $400 7
the Bible

Nate
    $400 15
James Dean

Lisa
    $800 17
Blackbeard

Catherine
    $800 22
coal

Catherine
    $800 2
an archangel

Catherine
    $800 27
species

Nate
    $800 8
the World Book Encyclopedia

Catherine
    $800 14
John Wayne

Lisa
    $1200 18
Somalia

Lisa
    $1200 23
quartz

Lisa
    $1200 3
Lutheranism

Nate
    $1200 28
society

Lisa
    $1200 9
1,000

Catherine
    $1200 12
(Brandon) Lee

Nate
    $3,000 19
(Lisa: Who is Monroe?)

Thomas Jefferson

Lisa
    $3,000 24
(Lisa: What is tufa?)
(Alex: No, but you're on the right track. You're thinking of taking a bath and using [*].)

pumice stone

Lisa
    $1600 5
the Jehovah's Witnesses

Nate
    $1600 29
ancient

Nate
    $1600 10
Vocabulary

Nate
    $1600 13
Elizabeth Taylor

Catherine
    $2000 20
Bonny

Catherine
    $2000 25
slate

Nate
    $2000 6
Kabalah

Lisa
    $2000 30
prima facie

Nate
    $2000 11
(Alex: That famous woman is [*].)

Evelyn Wood

Triple Stumper
    $2000 16
Paul Newman

Catherine

Scores at the end of the Double Jeopardy! Round:

Lisa Nate Catherine
$6,800 $19,500 $14,000

Final Jeopardy! Round responses

LITERARY CHARACTERS
(Alex: It seems that in the last two decades, we're always seeing new versions of this author's works.
[revealing Lisa's repsonse]
[*]...Jane Austen...you're absolutely right.)
LisaWho is Emma?
$6,800
CatherineWho is Emma?
$7,173
NateWho is Jane Eyre?
$3,000
Emma (Woodhouse)

Final scores:

Lisa Nate Catherine
$13,600 $16,500 $21,173
3rd place: $5,000 if eliminated 2nd place: $5,000 if eliminated Automatic semifinalist

Game dynamics:

Coryat scores:

Lisa Nate Catherine
$12,800 $19,000 $14,000
18 R,
2 W
(including 2 DDs)
21 R
(including 1 DD),
1 W
17 R,
2 W

Combined Coryat: $45,800

The J! Archive is created by fans, for fans. The Jeopardy! game show and all elements thereof, including but not limited to copyright and trademark thereto, are the property of Jeopardy Productions, Inc. and are protected under law. This website is not affiliated with, sponsored by, or operated by Jeopardy Productions, Inc. Join the discussion at JBoard.tv.